| 000 | 02882nam0a2200349 4500 | ||
|---|---|---|---|
| 001 | RU\NLR\bibl\1288590 | ||
| 005 | 20260407143538.0 | ||
| 010 |
_a978-5-9215-0127-0 _9200 |
||
| 021 |
_aRU _b2008-71037 _94064 |
||
| 035 | _a(NLR Aleph) 001274291 | ||
| 090 |
_a458702 _c458702 |
||
| 100 | _a20081027d2008 |||y0rusy50 ca | ||
| 101 | 0 | _arus | |
| 102 | _aRU | ||
| 105 | _aa a ||||| | ||
| 200 | 1 |
_aЛев Николаевич Кулешов [доктор сельскохозяйственных наук, профессор, академик Российской народной академии наук, член-корреспондент Петровской академии наук и искусств, лауреат Государственной премии Калмыцкой АССР] _e[доктор сельскохозяйственных наук, профессор, академик Российской народной академии наук, член-корреспондент Петровской академии наук и искусств, лауреат Государственной премии Калмыцкой АССР] _eматериалы к биобиблиографии деятелей землеустроительной науки _fМ-во сел. хоз-ва Рос. Федерации, Федер. гос. образоват. учреждение высш. проф. образования "Гос. ун-т по землеуcтройству" _g[сост.: Е.Э. Желонкина, к.г.н., доц. и др. _gпод ред. акад. Рос. акад. с.-х. наук, д.э.н., проф. С. Н. Волкова, акад. Рос. акад. естеств. наук, д.э.н., проф. В.В. Вершинина] |
|
| 210 |
_aМосква _cРедакционно-издательский отдел ГУЗа _d2008 |
||
| 215 |
_a52 с., [4] л. ил., цв. ил. _d21 |
||
| 320 | _aАлф. указ. науч. тр.: c. 45-51 | ||
| 600 | 1 |
_aКулешов _bЛ.Н. _f1938 _gЛев Николаевич _jБиобиблиография _92533140 _3RU\NLR\auth\661500317 |
|
| 686 | _aУ32(2)-513(2Р)д.я1 | ||
| 686 | _aУ.я10 | ||
| 702 | 1 |
_aЖелонкина _bЕ. Э. _gЕлена Эдуардовна _4220 |
|
| 702 | 1 |
_aКулешов _bЛ. Н. _f1938- _gЛев Николаевич _4570 |
|
| 702 | 1 |
_4340 _8rus _7ca _aВолков _bС. Н. _f1951- _cд-р экон. наук, землеустройство _gСергей Николаевич _3RU\NLR\auth\7730042 _913069 |
|
| 712 | 0 | 2 |
_4570 _aГосударственный университет по землеустройству _cМосква _3RU\NLR\AUTH\8810015768 _9529397 |
| 801 | 0 |
_aRU _bNLR _c20081027 _gRCR |
|
| 801 | 1 |
_aRU _bNLR _c20081027 |
|
| 830 | _aСост. раскрыт по кн. | ||
| 942 | _cBOOK | ||
| 980 | _aNB | ||